000 01210nam a2200313 a 4500
001 000113091
003 CHAP
005 20220329144338.0
008 170420s2016 mx sm |||||||spa d
010 _a109552
011 _a110524
040 _cCHAP
090 _aTesis
100 1 _aDomínguez Arista, David Rodolfo
_9131928
245 1 3 _aLa producción artesanal del mezcal y los limites de la denominación de origen:
_h[En línea]
_bel caso de Teozacoalco, Oaxaca /
_cpor David Rodolfo Domínguez Arista.
260 _aChapingo, Méx. :
_bEl autor,
_c2016.
500 _aPara ver el contenido del material haga clic en la liga
502 _aTesis (M.C. en Sociología Rural) -- UACH. Departamento de Sociología Rural
590 _aE11695DGD
_b10
_c20170425
_lUCH01
_h1511
590 _aE5765TAJ
_b05
_c20170420
_lUCH01
_h0914
590 _aE5765TAJ
_b05
_c20170420
_lUCH01
_h0914
650 1 4 _aDenominación de origen
_xAspectos jurídicos.
_9131931
650 1 4 _aMezcal artesanal
_xDenominación de origen
_zOaxaca.
_9131929
650 1 4 _aMezcal
_xElaboración.
_975354
856 _aFinding aid
_uhttp://10.13.5.2/tesis/sist113091.pdf
_zTeclea aquí
901 _aBK
942 _cTESIS
942 _n0
999 _c109552
_d109552